People. Challenge to survival. (Record no. 9426)

MARC details
000 -LEADER
fixed length control field 00897cam a22003251 4500
001 - CONTROL NUMBER
control field 8426135
003 - CONTROL NUMBER IDENTIFIER
control field OSt
005 - DATE AND TIME OF LATEST TRANSACTION
control field 20260429163556.0
008 - FIXED-LENGTH DATA ELEMENTS--GENERAL INFORMATION
fixed length control field 810622s1960 xx a 000 0 eng
010 ## - LIBRARY OF CONGRESS CONTROL NUMBER
LC control number 60013347
035 ## - SYSTEM CONTROL NUMBER
System control number 8426135
035 ## - SYSTEM CONTROL NUMBER
System control number (OCoLC)14615332
040 ## - CATALOGING SOURCE
Original cataloging agency DLC
Transcribing agency DNLM
Modifying agency ODaWU
-- OCoLC
-- DLC
042 ## - AUTHENTICATION CODE
Authentication code premarc
050 00 - LIBRARY OF CONGRESS CALL NUMBER
Classification number HQ766
Item number .V6
060 0# - NATIONAL LIBRARY OF MEDICINE CALL NUMBER
Classification number HB 851
Item number V887p 1960
082 ## - DEWEY DECIMAL CLASSIFICATION NUMBER
Classification number 304.6 VOG
100 1# - MAIN ENTRY--PERSONAL NAME
Personal name Vogt, William,
Dates associated with a name 1902-
245 10 - TITLE STATEMENT
Title People. Challenge to survival.
260 ## - PUBLICATION, DISTRIBUTION, ETC. (IMPRINT)
Place of publication, distribution, etc. New York,
Name of publisher, distributor, etc. Sloane,
Date of publication, distribution, etc. 1960.
300 ## - PHYSICAL DESCRIPTION
Extent xiv, 257 p.
Other physical details ill.
336 ## - CONTENT TYPE
Content type term text
Content type code txt
Source rdacontent
337 ## - MEDIA TYPE
Media type term unmediated
Media type code n
Source rdamedia
338 ## - CARRIER TYPE
Carrier type term volume
Carrier type code nc
Source rdacarrier
650 #0 - SUBJECT ADDED ENTRY--TOPICAL TERM
Topical term or geographic name as entry element Birth control.
650 #0 - SUBJECT ADDED ENTRY--TOPICAL TERM
Topical term or geographic name as entry element Population.
906 ## - LOCAL DATA ELEMENT F, LDF (RLIN)
a 7
b cbc
c oclcrpl
d u
e ncip
f 19
g y-gencatlg
942 ## - ADDED ENTRY ELEMENTS (KOHA)
Source of classification or shelving scheme Dewey Decimal Classification
Koha item type BOOKS
Holdings
Withdrawn status Lost status Source of classification or shelving scheme Damaged status Not for loan Home library Current library Shelving location Date acquired Total Checkouts Full call number Barcode Date last seen Price effective from Koha item type
    Dewey Decimal Classification     Dodoma Dodoma Ground Floor 29/04/2026   304.6 VOG LIB002891 29/04/2026 29/04/2026 BOOKS

IRDP © 2021 :: Managed by ICT Team